Normal view
MARC view
- WIDE AREA NETWORKS-COMPUTER NETWORKS LOCAL AREA NETWORKS-COMPUTER NETWORKS
Entry Topical Term
001 - CONTROL NUMBER
- control field: 77308
003 - CONTROL NUMBER IDENTIFIER
- control field: NUST
005 - DATE AND TIME OF LATEST TRANSACTION
- control field: 20210628205851.0
008 - FIXED-LENGTH DATA ELEMENTS
- fixed length control field: 210628|| aca||aabn | a|a d
040 ## - CATALOGING SOURCE
- Original cataloging agency: NUST
- Transcribing agency: NUST
150 ## - HEADING--TOPICAL TERM
- Topical term or geographic name entry element: WIDE AREA NETWORKS-COMPUTER NETWORKS LOCAL AREA NETWORKS-COMPUTER NETWORKS
670 ## - SOURCE DATA FOUND
- Source citation: Work cat.: (NUST): Enck, John Beckman, Mel 77307, Lan to wan interconnection, 1995
